000
00400nam a2200145Ia 4500
008
100122s9999 xx 000 0 und d
082
_b
56276
_a
623.19
100
_a
घाणेकर प्र के
245
_a
जंजिरा
260
_b
स्नेहल प्रकाशन
_c
1999
300
_a
68
630
_a
जंजिरा
730
_a
जंजिरा
942
_c
BOOK
999
_c
432738
_d
432735